Real Madrid Captains - Statistics

General Stats
  • This quiz has been taken 168 times
  • The average score is 8 of 38
Answer Stats
Hint Answer % Correct
2015-2021 Sergio Ramos
96%
2024-2025 Luka Modric
87%
2022-2023 Karim Benzema
86%
2021-2022 Marcelo
78%
2003-2010 Raul
75%
2023-2024 Nacho
71%
2010-2015 Iker Casillas
57%
2001-2003 Fernando Hierro
39%
1962-1971 Francisco Gento
32%
1976-1980 Pirri
22%
1986-1988 Santillana
18%
1974-1976 Amancio
14%
1989-1993 Chendo
11%
1993-2001 Manuel Sanchis
11%
1915-1921 Santiago Bernabeu
10%
1956-1958 Miguel Munoz
9%
1988-1989 Jose Antonio Camacho
6%
1971-1974 Ignacio Zoco
5%
1958-1960 Juanito Alonso
5%
1952-1956 Luis Molowny
5%
1980-1986 Miguel Angel
5%
1960-1962 Jose Maria Zarraga
4%
1901-1902 Arthur Johnson
3%
1950-1952 Clemente Fernandez
3%
1935-1936 Eugenio Hilario
3%
1903-1904 Federico Revuelto
3%
1927-1928 Felix Perez
3%
1928-1935 Felix Quesada
3%
1905-1909 Jose Berraondo
3%
1902-1903 Jose Giralt
3%
1914-1915 Jose Maria Castell
3%
1942-1944 Jose Ramon Sauto
3%
1944-1949 Juan Antonio Ipina
3%
1921-1924 Juan Monjardin
3%
1939-1942 Leoncito
3%
1904-1905 Luciano Lizarraga
3%
1924-1927 Perico Escobal
3%
1949-1950 Sabino Barinaga
3%
No matching quizzes found
Score Distribution
Percent of People with Each Score
Percentile by Number Answered
Your Score History
You have not taken this quiz